[Event "Capitan San Luis Memorial 3rd"]
[Site "Havana"]
[Date "2018.04.19"]
[Round "4"]
[White "Gutierrez Delgado, Ramiro"]
[Black "Prieto Beltran, Benigno Hortensi"]
[Result "1/2-1/2"]
[WhiteElo "1856"]
[BlackElo "1971"]
[PlyCount "22"]
[EventDate "2018.04.16"]
[EventType "swiss"]
[EventRounds "9"]
[EventCountry "CUB"]
[SourceTitle "EXT 2021"]
[Source "ChessBase"]
[SourceDate "2020.10.23"]
[SourceVersion "1"]
[SourceVersionDate "2020.10.23"]
[SourceQuality "1"]

1. e4 e5 2. Nf3 Nc6 3. Bc4 Bc5 4. 0-0 Nf6 5. d3 h6 6. Nc3 0-0 7. h3 d6 8. a3 a6 9. b4 Bb6 10. Bb2 Be6 11. Bxe6 fxe6 1/2-1/2

[Event "Capitan San Luis Memorial 3rd"]
[Site "Havana"]
[Date "2018.04.18"]
[Round "3"]
[White "Hernandez Leon, Raudel"]
[Black "Gutierrez Delgado, Ramiro"]
[Result "1/2-1/2"]
[WhiteElo "1888"]
[BlackElo "1856"]
[PlyCount "158"]
[EventDate "2018.04.16"]
[EventType "swiss"]
[EventRounds "9"]
[EventCountry "CUB"]
[SourceTitle "EXT 2021"]
[Source "ChessBase"]
[SourceDate "2020.10.23"]
[SourceVersion "1"]
[SourceVersionDate "2020.10.23"]
[SourceQuality "1"]

1. e4 e5 2. Nf3 Nc6 3. Bb5 d6 4. d4 exd4 5. Nxd4 Bd7 6. Nxc6 bxc6 7. Bc4 Nf6 8. Bg5 Be7 9. 0-0 0-0 10. f3 Be6 11. Bd3 Nd7 12. Be3 Bf6 13. c3 Ne5 14. Be2 Nc4 15. Bc1 Rb8 16. b3 Nb6 17. Bb2 Na4 18. Qc2 Nxb2 19. Qxb2 d5 20. exd5 cxd5 21. Rd1 Qe7 22. Qc2 Rfd8 23. Bd3 g6 24. Kh1 Qc5 25. Rc1 Qe3 26. Nd2 Qe5 27. Nf1 c5 28. Qf2 d4 29. c4 Bf5 30. Bxf5 Qxf5 31. Ng3 Qc8 32. Ne4 Bg7 33. Rab1 a5 34. Rd1 f5 35. Ng3 Re8 36. Rd3 Qc7 37. Re1 Kf7 38. Rdd1 Re7 39. Rxe7+ Qxe7 40. Re1 Qd7 41. Qd2 Qc7 42. Kg1 Be5 43. Kf2 Re8 44. Nf1 Bf4 45. Qd1 Bg5 46. Rxe8 Kxe8 47. Qe2+ Qe7 48. g3 Qxe2+ 49. Kxe2 Kd7 50. f4 Bf6 51. Kd3 Kc6 52. Nd2 h6 53. h4 Kb6 54. Nb1 a4 55. bxa4 Ka5 56. Na3 Kxa4 57. Nb5 Kb4 58. Nc7 Ka3 59. Ne6 Be7 60. Nxd4 cxd4 61. Kxd4 Kxa2 62. c5 Kb3 63. c6 Bd6 64. Kd5 Bc7 65. Ke6 Kc4 66. Kf6 Kd5 67. Kxg6 Kxc6 68. Kxh6 Kd5 69. Kg5 Ke4 70. h5 Bb6 71. h6 Bd4 72. h7 Bb2 73. g4 fxg4 74. Kxg4 Bh8 75. Kg5 Kd5 76. Kf5 Kd6 77. Kg6 Ke6 78. f5+ Ke7 79. Kg5 Kf7 1/2-1/2

[Event "Capitan San Luis Memorial 3rd"]
[Site "Havana"]
[Date "2018.04.16"]
[Round "1"]
[White "Gutierrez Delgado, Ramiro"]
[Black "Castelliny Cordovi, Pedro Luis"]
[Result "0-1"]
[WhiteElo "1856"]
[BlackElo "2007"]
[PlyCount "94"]
[EventDate "2018.04.16"]
[EventType "swiss"]
[EventRounds "9"]
[EventCountry "CUB"]
[SourceTitle "EXT 2021"]
[Source "ChessBase"]
[SourceDate "2020.10.23"]
[SourceVersion "1"]
[SourceVersionDate "2020.10.23"]
[SourceQuality "1"]

1. e4 e5 2. Nf3 Nc6 3. d3 Nf6 4. Nc3 Be7 5. Be2 0-0 6. 0-0 d6 7. Bg5 Be6 8. a3 Qd7 9. Qd2 Nd4 10. Be3 Nxe2+ 11. Nxe2 Ng4 12. Bg5 Bxg5 13. Nxg5 h6 14. Nxe6 Qxe6 15. h3 Nf6 16. f4 exf4 17. Qxf4 Qe5 18. c3 Rae8 19. Ng3 Qxf4 20. Rxf4 d5 21. Re1 dxe4 22. Nxe4 Nxe4 23. Rfxe4 Rxe4 24. Rxe4 Rd8 25. Re7 Rc8 26. d4 Kf8 27. Re2 Re8 28. Kf2 Rxe2+ 29. Kxe2 Ke7 30. Ke3 Ke6 31. c4 c6 32. b3 g5 33. Ke4 f5+ 34. Kf3 a5 35. b4 axb4 36. axb4 b5 37. d5+ cxd5 38. cxb5 h5 39. b6 Kd6 40. b5 d4 41. Ke2 f4 42. Kd3 g4 43. Kxd4 f3 44. Ke3 fxg2 45. Kf2 gxh3 46. Kg1 Kd7 47. Kh2 Kc8 0-1